|
|
|
|
| LEADER |
00000ny a22000003n 4500 |
| 005 |
2011060801311.0 |
| 008 |
030408s2004 sp | ||| ||spa |
| 016 |
7 |
|
|a bimoBNE20030262909
|2 SpMaBN
|
| 035 |
|
|
|a 457
|
| 040 |
|
|
|a SpMaBN
|c SpMaBN
|d vLex
|
| 080 |
|
|
|a 336.226.22:351.713(460)
|
| 090 |
|
|
|c 580
|d 580
|
| 100 |
|
|
|a Camaǫ Ando, Miguel ℓngel
|
| 245 |
1 |
3 |
|a El impuesto sobre sucesiones y donaciones
|h [Recurso electrn̤ico]
|c comentado por Miguel A. Camaǫ Ando y Jos ̌Luis Peą Alonso
|
| 256 |
|
|
|a Servicio en ln̕ea
|
| 260 |
|
|
|a [Madrid] :
|b EDERSA,
|c 2004
|
| 300 |
|
|
|a p. ;
|c cm
|
| 506 |
1 |
|
|a Contenido solo disponible en los productos indicados
|d vLex Global
|d vLex Global (Academic Edition, excluding Law Schools)
|d vLex Global (U.S. Academic Edition, Law Schools)
|d vLex Global (U.S. Academic Edition, excluding Law Schools)
|d vLex Global (Academic Edition, Law Schools)
|
| 650 |
0 |
7 |
|2 Tesauro vLex
|a Tributario
|
| 650 |
0 |
7 |
|2 Tesauro vLex
|a Impuesto sobre sucesiones y donaciones
|
| 650 |
0 |
7 |
|2 Tesauro vLex
|a Derecho tributario
|
| 700 |
1 |
|
|a Peą Alonso, Jos ̌Luis
|
| 710 |
1 |
2 |
|a Espaą
|b Ministerio de Economa̕ y Hacienda
|t Reglamento del impuesto sobre sucesiones y donaciones
|
| 710 |
1 |
2 |
|a Espaą
|t Ley del impuesto sobre sucesiones y donaciones, 1987
|
| 740 |
0 |
|
|a vLex Libros (Servicios en ln̕ea)
|
| 856 |
4 |
0 |
|z Acceso restringido
|u http://vlex.com/source/impuesto-sucesiones-donaciones-457
|
| 942 |
|
|
|c BOOK
|
| 999 |
0 |
|
|a Taxation
|b Madrid
|